000 00739cam a22002411 4500
001 l 32000071
003 DLC
005 20260227111533.0
008 880307s1931 gw 000 0 ger c
010 _al 32000071
035 _a(OCoLC)17589864
040 _aU.S. Dept. of Labor. Library
_cMiEM
_dMiEM
_dDLC
050 0 0 _aHC57
_b.V65
082 _a330.904
100 1 _aVon Mises, Ludwig,
_d1881-1973.
245 1 4 _aDie Ursachen der Wirtschaftskrise;
_bein Vortrag,
_cvon Ludwig Mises.
260 _aTübingen,
_bMohr,
_c1931.
300 _a34 p.
_c22 cm.
490 1 _aRecht und Staat in Geschichte und Gegenwart ...
_v82
650 0 _aEconomic history
_y1918-1945.
650 0 _aEconomic policy.
830 0 _aRecht und Staat ;
_v82.
999 _c36059
_d36059